000 01135nam a2200301 c 4500
001 2438
003 ES-MaCES
005 20150929124556.0
008 941209s1994 sp ||| | spa d
035 _aCES19980024578m
040 _aES-MaCES
_bspa
_cES-MaCES
245 0 0 _aInforme previo IP 8/94
_b: sobre el Proyecto de decreto por el que se modifican modifican parcialmente los Decretos 253 y 254, de 21 de octubre de 1993 : Sesión de la Comisión Permanente, 13-7-94
_cConsejo Económico y Social, Comunidad de Castilla y León
260 _a[Valladolid?]
_bConsejo Económico y Social, Comunidad de Castilla y León
_c[1994?]
300 _a6 h.
_c30 cm
500 _aTít. tomado de la cub.
541 _cGratuito
650 4 _apequeña empresa
_930173
650 4 _asubvención
_928117
650 4 _aCastilla y León
_930782
650 4 _ainforme
_928986
650 4 _a1994
_930780
653 1 0 _aFinanciación
650 4 _928107
_acrédito
710 2 _aConsejo Económico y Social (Castilla y León)
_92405
902 _aDOC Literatura gris
942 _2CES
_cBK
_h0.0.
999 _c2438
_d2438